Piłkarze ekstraklasy 25/26 - Nagła Smierć - Statystyki

Ogólne statystyki
  • Ten quiz został rozwiązany 72 razy
  • Średni wynik to 12 z 18
Answers on the Grid
Answers color-coded by a green-red scale on the quiz's grid according to % correct below.
Adriano
Ivan Zhelizko
Nikola Buric
Afimico Pululu
Pablo Duran
Manor Solomon
Nono
Iban Salvador
Steve Kingue
Michał Chrapek
Young-Jun Goh
Alin Kumer Celik
Michał Gurgul
Ismail Jakobs
Ridle Baku
Daniel Yanez
Wiktor Długosz
Vasco Lopes
Mabululu
Erik Janza
Damian Węglarz
M'Bala Nzola
Lucas Torreira
Alberto Paleari
Valentin Cojucaru
Mateusz Skrzypczak
Eman Markovic
Ermal Krasniqi
Kamil Grosicki
Isak Vural
 
Statystyki odpowiedzi
Odpowiedź % Poprawnych
Afimico Pululu
94%
Mateusz Skrzypczak
91%
Erik Janza
87%
Kamil Grosicki
87%
Michał Gurgul
87%
Michał Chrapek
83%
Valentin Cojucaru
76%
Wiktor Długosz
72%
Ermal Krasniqi
70%
Damian Węglarz
69%
Ivan Zhelizko
69%
Iban Salvador
67%
Nono
59%
Eman Markovic
48%
Steve Kingue
46%
Vasco Lopes
43%
Young-Jun Goh
35%
Adriano
30%
Nie znaleziono quizów pasujących do podanych kryteriów
Rozkład punktacji
Procent ludzi z każdym wynikiem
Percentyl według liczby udzielonych odpowiedzi
Twoja historia wyników
Nie rozwiązałeś tego quizu